Advanced Macroeconomics

Salvato in:
Dettagli Bibliografici
Autore principale: Romer, David
Natura: Libro
Lingua:inglese
Pubblicazione: New York MacGraw-Hill 1996
Edizione:1. ed.
Serie:MacGraw-Hill Advanced Series in Economics
Soggetti:
Tags: Aggiungi Tag
Nessun Tag, puoi essere il primo ad aggiungerne!!

MARC

LEADER 00000nam a2200000 4500
001 c014367
005 20221205124924.0
020 |a 0-07-053667-8 
041 0 |a eng 
044 |a US 
245 1 0 |a Advanced Macroeconomics  |c David Romer 
250 |a 1. ed. 
264 1 |a New York  |b MacGraw-Hill  |c 1996 
300 |a 540 s. 
490 1 |a MacGraw-Hill Advanced Series in Economics 
830 0 |a MacGraw-Hill Advanced Series in Economics 
610 2 0 |a makroekonomika 
610 2 0 |a modely ekonomické 
610 2 0 |a modely rastu 
610 2 0 |a inflácia 
610 2 0 |a nezamestnanosť 
610 2 0 |a politika peňažná 
100 1 |a Romer, David